000 01234nam a2200325 a 4500
001 000112522
003 CHAP
005 20220329144310.0
008 160609s2016 mx a fsm |||||||spa d
010 _a108983
011 _a109955
040 _cCHAP
090 _aTesis
100 1 _aRodríguez Rodríguez, María Leonor
_9130867
245 1 0 _aElaboración de un sistema HACCP para la agroindustria "Quesos San Pablo" en el municipio de San José Iturbide, Guanajuato/
_h[En línea]
_cpor María Leonor Rodríguez Rodríguez.
260 _aChapingo, Méx. :
_bEl autor,
_c2016.
500 _aPara ver el contenido del material haga clic en la liga
502 _aTesis (Ing. Agroindustrial) -- UACH. Departamento de Ingeniería Agroindustrial
590 _aE11695DGD
_b10
_c20160613
_lUCH01
_h1006
590 _aE6096MTM
_b05
_c20160609
_lUCH01
_h0931
590 _aE6096MTM
_b05
_c20160609
_lUCH01
_h0940
650 1 4 _aQueso
_xCalidad.
_993225
650 1 4 _aQueso
_xProcesado.
_993233
650 1 4 _aQueso
_xProducción.
_9126159
650 1 4 _aSistemas de producción
_xControl de calidad.
_9129144
856 _aFinding aid
_uhttp://10.13.5.2/tesis/sist112522.pdf
_zTeclea aquí
901 _aBK
942 _cTESIS
942 _n0
999 _c108983
_d108983